| 000 | 01050nam a2200253Ia 4500 | ||
|---|---|---|---|
| 003 | OSt | ||
| 005 | 20210107105029.0 | ||
| 008 | 191128t1981 sp ad fr 000 0 spa d | ||
| 020 | _a9684510020 | ||
| 040 |
_aCO-JMCR _cCO-JMCR |
||
| 041 | 0 | _aspa | |
| 082 | 0 | 4 |
_a330 / _bW872e _223 |
| 100 | 1 |
_aWonnacott, Paul, _eautor _94826 |
|
| 245 | 1 | 0 |
_aEconomía / _cPaul Wonnacott, Ronal Wonnacott ; traducción Leonidas Mora y Luis Bernardo Florez |
| 260 |
_aMadrid : _bMcGraw-Hill, _c©1981 |
||
| 300 |
_a853 páginas : _bgráficos a color ; _c23 cm. |
||
| 505 | 0 | _aProblemas y objetivos económicos -- El problema económico de la escasez -- Especialización, intercambio y dinero -- Demanda y oferta. El mecanismo del mercado -- La función económica del gobierno -- Organización y finanzas de las empresas | |
| 650 | 1 | 4 |
_aEconomía _94833 |
| 650 | 1 | 4 |
_aTeoría económica _94834 |
| 700 | 1 |
_aWonnacott, Ronal, _eautor _94829 |
|
| 700 | 1 |
_aMora, Leonidas, _etraductora _94835 |
|
| 700 | 1 |
_aFlorez, Luis Bernardo, _etraductor _94836 |
|
| 942 |
_2ddc _cBK |
||
| 999 |
_c5312 _d5312 |
||